000 00284nam a22001217a 4500
008 170307b xxu||||| |||| 00| 0 eng d
041 _aeng
080 _211TH
_a611
100 _a6
101 _aSHM
245 _aESSENTIALS OF HUMAN ANATOMY & PHYSIOLOGY
_cMARIEB, E.N
942 _2udc
_cBK
999 _c6945
_d6945